00859nam a22002177a 4500999001700000003000900017008004100026040007100067082002600138100003800164245007000202260006700272300002700339505003500366650002900401650002100430650004900451942001500500945002100515952010500536 c13296d13296AR-CdUCM190411b ||||| |||| 00| 0 spa d aMUNICIPALIDAD PROVINCIAL DEL CUSCOcBIBLIOTECA MUNICIPAL DEL CUSCO a372.372 /bG54 / 1973 aGiunta Bergna de Stiglich, Teresa aAlgunos aspectos de la educación sexual en Lima Metropolitana / aLima :bCentro de Estudios de Población y Desarrollo,c1973. a44 páginas ;c27 cm. aContenido: Educación sexual. aEducación sexual96369 aSexualidad99609 aConocimiento sobre educación sexual931642 2ddccTESIS adavvd11/04/2019 002ddc4070aSCAbSCAcCARTd2019-04-11g10.00o372.372 / G54 / 1973pSCA0002659r2019-04-11yTESIS